Piłka nożna quiz #162 - Najmłodsi strzelcy reprezentacji Polski - Statystyki

Ogólne statystyki
  • Ten quiz został rozwiązany 230 razy
  • Średni wynik to 3 z 5
Statystyki odpowiedzi
Zawodnik Pozycja Data zdobycia bramki Wiek zawodnika % Poprawnych
Arkadiusz Milik Środkowy napastnik 14.12.2012 18 lat 09 miesięcy 16 dni
82%
Piotr Zieliński Środkowy pomocnik 14.08.2013 19 lat 02 miesięcy 25 dni
76%
Jakub Kamiński Lewy skrzydłowy 01.06.2022 19 lat 11 miesięcy 27 dni
57%
Bartosz Kapustka Ofensywny pomocnik 07.09.2015 18 lat 08 miesięcy 15 dni
52%
Karol Linetty Środkowy pomocnik 18.01.2014 18 lat 11 miesięcy 16 dni
28%
Nie znaleziono quizów pasujących do podanych kryteriów
Rozkład punktacji
Procent ludzi z każdym wynikiem
Percentyl według liczby udzielonych odpowiedzi
Twoja historia wyników
Nie rozwiązałeś tego quizu